00000000nas##2200000za#4500
0019.509721
003CaOODSP
00520200331214211
007ta
008150406c1991||||xxc|| m #||||f|   |0fre|d
040 |aCaOODSP|bfre
041 |aeng
041 |afre
043 |an-cn---
0861 |aYX3-1991
1101 |aCanada.|bStatuts.
24510|aLois du Parlement du Canada, 1991 : |b3e session, 34e législature, 40 Élizabeth II
260 |bStatuts
500 |aTitre abrégé: Lois du Canada.
546 |aBilingue
791 |tActs of the Parliament of Canada, 1991 : |eeng|w(CaOODSP)9.509720